[Event "GER-chT U10"]
[Site "Magdeburg"]
[Date "2013.12.28"]
[Round "5.4"]
[White "Indilewitsch, Marie Claire"]
[Black "Kirsch, Martin"]
[Result "1-0"]
[WhiteElo "931"]
[BlackElo "600"]
[PlyCount "57"]
[EventDate "2013.12.27"]
[EventType "team-swiss"]
[EventRounds "5"]
[EventCountry "GER"]
[SourceTitle "EXT 2015"]
[Source "ChessBase"]
[SourceDate "2014.11.20"]
[SourceVersion "1"]
[SourceVersionDate "2014.11.20"]
[SourceQuality "1"]
[WhiteTeam "Berlin Schachpinguine II"]
[BlackTeam "Stadtilm Blau Weiss III"]
[WhiteTeamCountry "GER"]
[BlackTeamCountry "GER"]

1. e4 e5 2. Nf3 Nc6 3. Bc4 Bc5 4. d4 exd4 5. 0-0 Nf6 6. e5 Ne4 7. Re1 d5 8. exd6 Bf5 9. dxc7 Qxc7 10. Nbd2 0-0 11. Nxe4 Bxe4 12. Rxe4 Rfe8 13. Bf4 Qd7 14. Ne5 Qd6 15. Nxf7 Qf6 16. Ne5+ Kh8 17. Nd7 Qf5 18. Bd3 Re6 19. Nxc5 Rg6 20. Re8+ Rxe8 21. Bxf5 Rf6 22. Qh5 g6 23. Qh4 Rf7 24. Bxg6 Rfe7 25. Bxe8 Rxe8 26. Qf6+ Kg8 27. Bh6 Re7 28. Ne6 Nb4 29. Qf8# 1-0

[Event "GER-ch U10"]
[Site "Oberhof"]
[Date "2013.05.25"]
[Round "11"]
[White "Pahl, Erik"]
[Black "Indilewitsch, Marie Claire"]
[Result "1-0"]
[WhiteElo "880"]
[BlackElo "963"]
[PlyCount "33"]
[EventDate "2013.05.19"]
[EventType "swiss"]
[EventRounds "11"]
[EventCountry "GER"]
[SourceTitle "CBM 154 Extra"]
[Source "ChessBase"]
[SourceDate "2013.06.25"]
[SourceVersion "2"]
[SourceVersionDate "2013.06.25"]
[SourceQuality "1"]

1. e4 e5 2. Nc3 Nf6 3. f4 exf4 4. Nf3 Nc6 5. d4 d6 6. Bxf4 Be7 7. Bd3 0-0 8. Qd2 d5 9. 0-0-0 Be6 10. Rhe1 Qd7 11. Kb1 Rfe8 12. a3 Rad8 13. e5 Ng4 14. h3 Nh6 15. Bxh6 gxh6 16. Qxh6 Bf8 17. Qxh7# 1-0